Statistics for Overwatch Characters

Click here to take the quiz!

General Stats

  • This quiz has been taken 257 times
    (147 since last reset)
  • The average score is 26 of 32

Answer Stats

HintAnswer% Correct
TankD.Va
96%
TankRoadhog
93%
TankReinhardt
91%
TankWinston
91%
SupportMercy
89%
DamageWidowmaker
89%
SupportLucio
88%
TankSigma
88%
DamageTracer
88%
TankZarya
87%
DamageAshe
85%
DamageGenji
85%
SupportAna
84%
DamageCassidy
84%
DamageHanzo
84%
TankOrisa
84%
DamageReaper
84%
DamageBastion
83%
DamageJunkrat
83%
TankWrecking Ball
82%
SupportMoira
81%
DamageSoldier 76
79%
SupportZenyatta
79%
DamageMei
77%
SupportBaptiste
76%
DamageDoomfist
76%
DamageSombra
75%
SupportBrigitte
72%
DamageEcho
71%
DamageTorbjörn
69%
DamagePharah
67%
DamageSymmetra
66%

Score Distribution

Percentile by Number Answered

Percent of People with Each Score

Your Score History

You have not taken this quiz since the last reset